000 00747nam a2200217Ii 4500
003 JO-AjNU
008 230605s9999||||xx |||||||||||||| ||und||
017 _a2010/391
020 _a978-94947-24-761-7
040 _aJO-AjNU
_bara
_erda
_cJO-AjNU
041 _aara
050 1 4 _aNA7420.A1.S537 .2009
100 3 _aالحوراني، محمد تحرير ,
_eauthor
_950579
245 0 0 _aرسومات بيوت أعيان فلسطين في أواخر الفترة العثمانية1856-1917
264 3 1 _aالجزائر: وزارة الثقافة،2009
300 _a292ص
336 _atext
_btxt
_2rdacontent
337 _aunmediated
_bn
_2rdamedia
338 _avolume
_bnc
_2rdacarrier
650 4 _aالفن- رسومات-زخارف
_950580
999 _aA22289
_c25857
_d25857